[Event "Championnat de France des Jeunes - Benja"]
[Site "AIX LES BAINS"]
[Date "2009.04.20"]
[Round "3.6"]
[White "Bach, Anatole"]
[Black "Gueriche, Guillaume"]
[Result "1/2-1/2"]
[WhiteElo "1845"]
[BlackElo "1972"]
[PlyCount "46"]

1. e4 e6 2. d4 c5 3. Nf3 cxd4 4. Nxd4 a6 5. Nc3 Qc7 6. Bd3 Nc6 7. Nxc6 dxc6 8.
O-O Nf6 9. Qe2 Bd6 10. f4 e5 11. f5 b5 12. Bg5 Bb7 13. a4 Rc8 14. Qf2 c5 15.
Qh4 c4 16. Bxf6 gxf6 17. Qxf6 Rg8 18. Be2 b4 19. Nd5 Bxd5 20. exd5 Be7 21. Qxa6
Bd6 22. Bxc4 Qxc4 23. Qxd6 Rxg2+ 1/2-1/2

[Event "Championnat de France des Jeunes - Benja"]
[Site "AIX LES BAINS"]
[Date "2009.04.20"]
[Round "3.7"]
[White "Gautier, Clement"]
[Black "Cabanes, Kim"]
[Result "1/2-1/2"]
[WhiteElo "1841"]
[BlackElo "1932"]
[PlyCount "62"]

1. e4 c6 2. d4 d5 3. exd5 cxd5 4. c4 Nf6 5. Nf3 Nc6 6. Nc3 e6 7. cxd5 Nxd5 8.
Be2 Be7 9. O-O O-O 10. Nxd5 Qxd5 11. Be3 b6 12. a3 Bb7 13. Rc1 b5 14. Qd3 a6
15. Ng5 f5 16. Bf3 Qd7 17. Rfd1 Bxg5 18. Bxg5 h6 19. Bf4 g5 20. Bxc6 Bxc6 21.
Be5 Qd5 22. f3 Rac8 23. Rc5 Qd8 24. Rdc1 Bb7 25. Qb3 Bd5 26. Rxc8 Qxc8 27. Rxc8
Bxb3 28. Rc7 Rf7 29. Rc8+ Rf8 30. Rc7 Rf7 31. Rc8+ Rf8 1/2-1/2

[Event "Championnat de France des Jeunes - Benja"]
[Site "AIX LES BAINS"]
[Date "2009.04.20"]
[Round "3.8"]
[White "Lemeille, Francois"]
[Black "Jeannesson, Etienne"]
[Result "1-0"]
[WhiteElo "1931"]
[BlackElo "1780"]
[PlyCount "91"]

1. e4 c5 2. Nf3 d6 3. d4 cxd4 4. Nxd4 Nf6 5. Nc3 g6 6. f3 Bg7 7. Be3 Nc6 8. Qd2
O-O 9. O-O-O d5 10. Nxd5 Nxd5 11. Nxc6 bxc6 12. exd5 cxd5 13. Qxd5 Qc7 14. Qc5
Qb7 15. Bd4 Bf5 16. Qa3 Rfc8 17. c4 e5 18. Bc3 Rab8 19. b3 Rc6 20. Qb2 Rb6 21.
Bd3 Bh6+ 22. Kb1 e4 23. Bxe4 Bxe4+ 24. fxe4 Qxe4+ 25. Ka1 a5 26. Rd4 Qa8 27.
Rd5 a4 28. Ra5 Ra6 29. Rxa6 Qxa6 30. Kb1 a3 31. Qe2 Qa4 32. Rd1 Bg5 33. Ka1 Qc6
34. Qe5 Bf6 35. Qxf6 Qxf6 36. Bxf6 h6 37. Rd8+ Rxd8 38. Bxd8 f5 39. c5 Kf7 40.
c6 Ke6 41. c7 Kd7 42. Kb1 g5 43. Kc2 g4 44. Kd2 f4 45. Ke2 h5 46. h3 1-0

[Event "Championnat de France des Jeunes - Benja"]
[Site "AIX LES BAINS"]
[Date "2009.04.20"]
[Round "3.9"]
[White "Wurtz, Guillaume"]
[Black "Ringuet, Noe"]
[Result "1/2-1/2"]
[WhiteElo "1822"]
[BlackElo "1906"]
[PlyCount "91"]

1. e4 c5 2. Nf3 d6 3. d4 cxd4 4. Nxd4 Nf6 5. Nc3 a6 6. Bg5 e6 7. f4 Nbd7 8. Qf3
h6 9. Bxf6 Nxf6 10. O-O-O Qc7 11. g4 b5 12. g5 b4 13. Ncb5 axb5 14. Nxb5 Qb6
15. gxf6 Rxa2 16. Kb1 Qa5 17. Na3 Rxa3 18. bxa3 Bb7 19. Bg2 gxf6 20. Rd3 f5 21.
axb4 Qb5 22. Qe2 fxe4 23. Bxe4 Qxb4+ 24. Rb3 Qxe4 25. Qb5+ Bc6 26. Qb8+ Ke7 27.
Qc7+ Kf6 28. Qd8+ Kf5 29. Rf1 f6 30. Qc7 Be8 31. Qc3 Bh5 32. Rb5+ d5 33. Rb6
Qc4 34. Qe1 d4 35. Qa5+ Bc5 36. Rg1 Bf3 37. Rb2 Ra8 38. Qc7 d3 39. Qh7+ Kxf4
40. cxd3 Qa4 41. Qxh6+ Ke5 42. Re1+ Kd5 43. Qxf6 Qa1+ 44. Kc2 Qa4+ 45. Kb1 Qa1+
46. Kc2 1/2-1/2

[Event "Championnat de France des Jeunes - Benja"]
[Site "AIX LES BAINS"]
[Date "2009.04.20"]
[Round "3.10"]
[White "Bellahcene, Rayane"]
[Black "Moussard, Jules"]
[Result "0-1"]
[WhiteElo "1772"]
[BlackElo "2276"]
[PlyCount "54"]

1. c4 g6 2. Nc3 Bg7 3. d4 d6 4. e4 Nf6 5. Nf3 O-O 6. Be2 Nbd7 7. O-O e5 8. dxe5
Nxe5 9. Nxe5 dxe5 10. Qxd8 Rxd8 11. Be3 Ng4 12. Bxg4 Bxg4 13. f3 Be6 14. b3 Rd3
15. Nd1 Rad8 16. Bxa7 b6 17. c5 Bf8 18. cxb6 Bc5+ 19. Kh1 cxb6 20. Nb2 R3d7 21.
b4 Bd4 22. Bxb6 Bxb6 23. Na4 Bd4 24. Rad1 Bc4 25. Rfe1 Ra7 26. Nc3 Rb8 27. Ne2
Bf2 0-1

[Event "Championnat de France des Jeunes - Benja"]
[Site "AIX LES BAINS"]
[Date "2009.04.20"]
[Round "3.11"]
[White "Leroyer, Theo"]
[Black "Barbot, Pierre"]
[Result "0-1"]
[WhiteElo "1797"]
[BlackElo "2050"]
[PlyCount "42"]

1. d4 Nf6 2. Nf3 g6 3. c4 Bg7 4. Nc3 d5 5. Bf4 O-O 6. e3 c5 7. dxc5 Ne4 8. Nxe4
dxe4 9. Nd2 f5 10. h3 Bxb2 11. Rb1 Bc3 12. Rc1 Qa5 13. Rc2 Rd8 14. Bg5 Nc6 15.
Qc1 Nb4 16. Rxc3 Nxa2 17. Qa1 Qxc3 18. Qxa2 Qc1+ 19. Ke2 Be6 20. f3 Rxd2+ 21.
Qxd2 Bxc4+ 0-1

[Event "Championnat de France des Jeunes - Benja"]
[Site "AIX LES BAINS"]
[Date "2009.04.20"]
[Round "3.13"]
[White "Kirk, Ezra"]
[Black "Vincenti, Francois-Xavier"]
[Result "1-0"]
[WhiteElo "1884"]
[BlackElo "1697"]
[PlyCount "87"]

1. d4 Nf6 2. c4 c5 3. d5 g6 4. Nc3 Bg7 5. e4 d6 6. f4 Nbd7 7. Nf3 O-O 8. Be2 a6
9. O-O Rb8 10. Qc2 Nb6 11. Bd2 e6 12. a4 exd5 13. cxd5 Bg4 14. b3 Re8 15. Rae1
Qc7 16. Kh1 Re7 17. Bc1 Rbe8 18. Nd2 Bxe2 19. Rxe2 Nbxd5 20. Nxd5 Nxd5 21. f5
Nb4 22. Qb1 Bf8 23. Bb2 d5 24. Bf6 Rd7 25. e5 Be7 26. Bxe7 Rdxe7 27. Nf3 Nc6
28. f6 Re6 29. Qc1 Ne7 30. fxe7 R6xe7 31. Ref2 Kg7 32. Ng5 Rf8 33. Rxf7+ Rfxf7
34. Rxf7+ Kg8 35. e6 Qd6 36. Qf1 Rxe6 37. Nxe6 Qxe6 38. Rf8+ Kg7 39. Rb8 Qe7
40. h3 d4 41. Rc8 g5 42. Qf5 b6 43. Rc6 b5 44. axb5 1-0

[Event "Championnat de France des Jeunes - Benja"]
[Site "AIX LES BAINS"]
[Date "2009.04.20"]
[Round "3.14"]
[White "Grundman, Anatole"]
[Black "Ton-That, Nicolas"]
[Result "0-1"]
[WhiteElo "1777"]
[BlackElo "1841"]
[PlyCount "102"]

1. d4 Nf6 2. c4 g6 3. Nc3 d5 4. cxd5 Nxd5 5. e4 Nxc3 6. bxc3 Bg7 7. Bc4 c5 8.
Ne2 Nc6 9. Be3 Qa5 10. O-O O-O 11. Qb3 cxd4 12. cxd4 b6 13. Rac1 Bb7 14. Bd5
Rac8 15. f4 e6 16. Bc4 Qb4 17. Qxb4 Nxb4 18. a3 Nc6 19. e5 Rfd8 20. Rfd1 Bf8
21. Rd3 Ne7 22. Rdc3 Nd5 23. Bxd5 Rxc3 24. Rxc3 Bxd5 25. Bc1 Rd7 26. Kf2 b5 27.
Rc8 Kg7 28. Nc3 b4 29. axb4 Bxb4 30. Nxd5 Rxd5 31. Ke3 a5 32. Rc4 Kf8 33. Bd2
Bxd2+ 34. Kxd2 Ke7 35. Kc3 Kd7 36. g3 Rb5 37. Kc2 h6 38. g4 Rb6 39. Rc5 Rc6 40.
Kb3 Rxc5 41. dxc5 Kc6 42. Ka4 Kxc5 43. Kxa5 Kd4 44. Kb6 Ke4 45. Kc6 Kxf4 46.
Kd6 Kxg4 47. Ke7 Kf5 48. Kxf7 g5 49. Kg7 Kxe5 50. Kxh6 Kf4 51. Kg6 e5 0-1

[Event "Championnat de France des Jeunes - Benja"]
[Site "AIX LES BAINS"]
[Date "2009.04.20"]
[Round "3.15"]
[White "Rouxel, Marc-Milan"]
[Black "Thon, Gabriel"]
[Result "1/2-1/2"]
[WhiteElo "1780"]
[BlackElo "2057"]
[PlyCount "59"]

1. e4 c5 2. Nf3 e6 3. d4 cxd4 4. Nxd4 Nf6 5. Nc3 d6 6. Be2 Be7 7. O-O O-O 8.
Be3 Nc6 9. f4 Bd7 10. Qe1 Rc8 11. Qg3 Nxd4 12. Bxd4 Bc6 13. Bf3 a6 14. Be3 Nd7
15. Bd4 e5 16. fxe5 dxe5 17. Be3 Kh8 18. Rad1 Qa5 19. Bg4 Rcd8 20. Bxd7 Bxd7
21. Rd5 Qb4 22. Qxe5 f6 23. Qd4 Bc6 24. Rxd8 Rxd8 25. Qb6 Kg8 26. Nd5 Bxd5 27.
exd5 Qxb6 28. Bxb6 Rxd5 29. Re1 Kf7 30. Kf2 1/2-1/2

[Event "Championnat de France des Jeunes - Benjamines"]
[Site "AIX LES BAINS"]
[Date ""]
[Round "3.1"]
[White "Gan, Grace"]
[Black "Aflalo, Sophie"]
[Result "0-1"]
[WhiteElo "1700"]
[BlackElo "1985"]
[Annotator ""]

1. d4 Nf6 2. Nf3 g6 3. c3 Bg7 4. Bf4 d6 5. e3 O-O 6. Bc4 Nbd7 7. O-O Qe8 8. h3
e5 9. Bh2 Kh8 10. Nbd2 Nh5 11. e4 f5 12. Qe2 f4 13. Ng5 Nb6 14. Ngf3 h6 15. Bb3
g5 16. Ne1 Qg6 17. Bd1 Nf6 18. dxe5 dxe5 19. Nd3 Re8 20. f3 a5 21. Rc1 Nbd7 22.
Ba4 Re6 23. Bxd7 Nxd7 24. Kh1 b6 25. Bg1 Ba6 26. c4 Rd8 27. b3 Nb8 28. Nb1 h5
29. Rfd1 Red6 30. Nc3 Qf7 31. Nb2 Nc6 32. Nd5 Nb4 33. Nxb4 axb4 34. Rxd6 Rxd6
35. Rd1 Bf8 36. Rxd6 Bxd6 37. Nd3 Kg7 38. Bf2 c5 39. h4 Qf6 40. hxg5 Qxg5 41.
Qe1 Be7 42. Kg1 Bc8 43. Kf1 Bf6 44. Nb2 h4 45. Ke2 Qxg2 46. Qg1 Qxg1 47. Bxg1
h3 48. Bh2 Kf7 49. Na4 Bd8 50. Nb2 Ke6 51. Nd3 Bh4 52. Nb2 Bg3 53. Bg1 Kd6 54.
Kf1 h2 55. Bxh2 Bxh2 56. Nd3 Bh3+ 57. Kf2 Bg3+ 58. Ke2 Bd7 59. Nb2 Ke6 60. Kf1
Kf6 61. Kg2 Be1 62. Nd3 Bc3 63. Nf2 Bd4 64. Nd3 b5 65. cxb5 Bxb5 66. Ne1 Bc3
67. Kf2 Bxe1+ 68. Kxe1 Kg5 69. Kf2 Kh4 70. Kg2 Bd3 71. Kh2 Bb1 0-1

[Event "Championnat de France des Jeunes - Benja"]
[Site "AIX LES BAINS"]
[Date "2009.04.20"]
[Round "3.2"]
[White "Eid, Maha"]
[Black "Kambrath, Linda"]
[Result "1-0"]
[WhiteElo "1929"]
[BlackElo "1680"]
[PlyCount "65"]

1. d4 d5 2. Nf3 Nc6 3. e3 e6 4. Bd3 Nf6 5. b3 Bd6 6. Bb2 Bd7 7. a3 O-O 8. Nbd2
Re8 9. Ne5 Ne7 10. O-O c5 11. f4 Rc8 12. Qf3 cxd4 13. Bxd4 Bc5 14. Bb2 Bc6 15.
Qh3 h6 16. Rae1 d4 17. e4 Qd6 18. Ndc4 Qc7 19. b4 Bb6 20. Rf3 Red8 21. Rg3 Kf8
22. Nxf7 Kxf7 23. Ne5+ Kf8 24. Qxe6 Be8 25. a4 Qd6 26. Qb3 Nd7 27. Nc4 Qe6 28.
f5 Qc6 29. e5 Nd5 30. a5 Bxa5 31. Nxa5 Qb6 32. Nc4 Qxb4 33. Ba3 1-0

[Event "Championnat de France des Jeunes - Benja"]
[Site "AIX LES BAINS"]
[Date "2009.04.20"]
[Round "3.3"]
[White "Henry, Laura"]
[Black "Navrotescu, Andreea-Cristiana"]
[Result "0-1"]
[WhiteElo "1663"]
[BlackElo "1853"]
[PlyCount "78"]

1. e4 c5 2. Nf3 d6 3. Nc3 Nf6 4. d4 cxd4 5. Nxd4 a6 6. Bc4 e6 7. Bg5 b5 8. Bb3
Nbd7 9. O-O Bb7 10. a3 Nc5 11. Re1 Be7 12. f3 O-O 13. Nce2 Qc7 14. Ng3 Rac8 15.
Rc1 Rfd8 16. Qd2 Ne8 17. Ba2 Bxg5 18. Qxg5 h6 19. Qe3 Nf6 20. b4 Ncd7 21. c4
Qb6 22. cxb5 axb5 23. Kf1 Ne5 24. Nge2 Nc4 25. Qd3 d5 26. exd5 Bxd5 27. a4 Nb2
28. Qa3 Nxa4 29. Bxd5 Nxd5 30. Red1 Qb7 31. Qb3 Qd7 32. h3 Nab6 33. Nc3 Ne3+
34. Kg1 Nxd1 35. Rxd1 Nd5 36. Ndxb5 Qb7 37. Ra1 Nxc3 38. Nxc3 Rd3 39. Ra3 Rcxc3
0-1

[Event "Championnat de France des Jeunes - Benja"]
[Site "AIX LES BAINS"]
[Date "2009.04.20"]
[Round "3.4"]
[White "Fischer, Julie"]
[Black "Rigolot, Lucie"]
[Result "1-0"]
[WhiteElo "1644"]
[BlackElo "1831"]
[PlyCount "89"]

1. e4 c5 2. Nf3 d6 3. d4 cxd4 4. Nxd4 Nf6 5. Nc3 a6 6. f3 e6 7. Bc4 b5 8. Bb3
Nbd7 9. Be3 Nc5 10. Qd2 Bb7 11. g4 Nfd7 12. O-O-O Qc7 13. Kb1 Qc8 14. h4 Nb6
15. Qh2 b4 16. Nce2 Qd7 17. e5 d5 18. Qf2 Qc7 19. f4 Bc8 20. Nc1 Bd7 21. Nd3
Ne4 22. Qg1 Nc4 23. Bxc4 dxc4 24. Nf2 Nc5 25. Qg2 Qb7 26. Qxb7 Nxb7 27. Ne4 Be7
28. Rh2 a5 29. c3 bxc3 30. Nxc3 Nc5 31. Ndb5 Bxb5 32. Nxb5 O-O 33. Nd6 Bxd6 34.
exd6 Nd7 35. Rc2 Rfc8 36. Rdc1 h6 37. Rxc4 Rd8 38. Rc7 Nf6 39. Bc5 Ne4 40. d7
Nxc5 41. R1xc5 Kf8 42. Rc8 Ke7 43. Rxa8 Rxa8 44. Rc8 Kxd7 45. Rxa8 1-0

[Event "Championnat de France des Jeunes - Benja"]
[Site "AIX LES BAINS"]
[Date "2009.04.20"]
[Round "3.5"]
[White "Griggio, Julie"]
[Black "Bekhouche, Marion"]
[Result "1-0"]
[WhiteElo "1807"]
[BlackElo "1638"]
[PlyCount "103"]

1. e4 e6 2. d4 d5 3. e5 c5 4. c3 Qb6 5. Nf3 Nc6 6. a3 cxd4 7. cxd4 Nh6 8. b4
Nf5 9. Bb2 Bd7 10. Be2 Rc8 11. O-O Na5 12. Nc3 Nc4 13. Bxc4 Rxc4 14. Na4 Bxa4
15. Qxa4+ Qc6 16. Qxa7 Be7 17. g4 Nh6 18. Qb8+ Bd8 19. h3 O-O 20. Qd6 Qxd6 21.
exd6 f6 22. Rac1 Nf7 23. Rxc4 dxc4 24. d7 Bc7 25. Re1 Nd8 26. Rc1 b5 27. a4 Nb7
28. axb5 Nd6 29. Kg2 Rd8 30. Nd2 Rxd7 31. b6 Bxb6 32. Nxc4 Nxc4 33. Rxc4 Rd5
34. Kf3 Kf7 35. Ke4 Kg6 36. Rc6 Rb5 37. Bc3 Kf7 38. Kd3 Bd8 39. Kc4 Rb7 40. b5
Bb6 41. f4 g6 42. Bb4 Bc7 43. Bd6 Bb6 44. Rxb6 Rxb6 45. Kc5 Rb7 46. Kc6 Ra7 47.
b6 Ra6 48. Kb5 Ra2 49. b7 Rb2+ 50. Bb4 e5 51. b8=Q exd4 52. Qf8+ 1-0

[Event "Championnat de France des Jeunes - Benja"]
[Site "AIX LES BAINS"]
[Date "2009.04.20"]
[Round "3.6"]
[White "Monpeurt, Cyrielle"]
[Black "Vignette, Jeanne"]
[Result "1-0"]
[WhiteElo "1755"]
[BlackElo "1502"]
[PlyCount "93"]
[EventDate "2009.??.??"]

1. e4 e5 2. Nf3 Nc6 3. Bb5 a6 4. Ba4 Nf6 5. O-O Be7 6. Re1 b5 7. Bb3 O-O 8. h3
Bb7 9. c3 d6 10. d4 Re8 11. Nbd2 Bf8 12. Bc2 g6 13. Nf1 Bg7 14. Ng3 d5 15. Bg5
Qd6 16. Bxf6 Bxf6 17. exd5 Qxd5 18. Be4 Qd6 19. dxe5 Bxe5 20. Bxc6 Bxc6 21.
Nxe5 Rxe5 22. Qxd6 cxd6 23. Rad1 Rae8 24. Rxe5 dxe5 25. Rd6 Bb7 26. Rb6 Re7 27.
Kf1 f5 28. Ne2 Kg7 29. Nc1 Kh6 30. Nb3 Bc8 31. Nc5 Ra7 32. Ke2 Kg5 33. Kd3 Kf4
34. Rc6 Ra8 35. Rc7 h6 36. Rg7 Kg5 37. Ke3 a5 38. Rc7 f4+ 39. Ke4 Bf5+ 40. Kxe5
Re8+ 41. Kd5 Re2 42. g4 fxg3 43. fxg3 Bxh3 44. Ne4+ Kf5 45. Rf7+ Kg4 46. Rf4+
Kh5 47. Rh4# 1-0

[Event "Championnat de France des Jeunes - Benja"]
[Site "AIX LES BAINS"]
[Date "2009.04.20"]
[Round "3.7"]
[White "Dubois, Marie"]
[Black "Pouillart, Cecile"]
[Result "1-0"]
[WhiteElo "1636"]
[BlackElo "1745"]
[PlyCount "53"]

1. d4 d5 2. c4 e6 3. Nc3 c6 4. cxd5 exd5 5. Qc2 Nf6 6. Bg5 Be7 7. e3 O-O 8. Bd3
h6 9. Bh4 Be6 10. Nge2 Nbd7 11. O-O Rc8 12. f3 c5 13. Rac1 c4 14. Bf5 Bd6 15.
Bxe6 fxe6 16. e4 Be7 17. Nf4 Qb6 18. Bf2 Nxe4 19. Ng6 Bg5 20. Nxf8 Rxf8 21.
fxe4 Bxc1 22. Rxc1 Nf6 23. exd5 exd5 24. Re1 Ng4 25. Nxd5 Qd6 26. Ne7+ Kh8 27.
Ng6+ 1-0

[Event "Championnat de France des Jeunes - Benja"]
[Site "AIX LES BAINS"]
[Date "2009.04.20"]
[Round "3.8"]
[White "Costa, Elodie"]
[Black "Floc'H, Jasmine"]
[Result "0-1"]
[WhiteElo "1727"]
[BlackElo "1180"]
[PlyCount "82"]

1. e4 c5 2. Nf3 d6 3. c3 Nf6 4. h3 e6 5. Bd3 Be7 6. Bc2 O-O 7. O-O a6 8. d4
cxd4 9. cxd4 b5 10. Be3 Bb7 11. Nbd2 Qc7 12. Rc1 Nc6 13. e5 Nd5 14. Be4 Nxe3
15. fxe3 Qd7 16. Qc2 Rac8 17. Qb1 g6 18. Rfd1 d5 19. Bd3 Rfe8 20. a3 b4 21. a4
Qd8 22. b3 Rf8 23. Qb2 f6 24. Rf1 f5 25. g3 Bg5 26. Kf2 Kg7 27. Nxg5 Qxg5 28.
Nf3 Qe7 29. Qe2 a5 30. h4 h6 31. Kg1 Qf7 32. Ne1 Qe7 33. Ng2 Rc7 34. g4 f4 35.
Nxf4 Nxd4 36. exd4 Rxc1 37. Rxc1 Rxf4 38. Ba6 Bxa6 39. Qxa6 Rxg4+ 40. Kf2 Qxh4+
41. Ke2 Rg2+ 0-1

[Event "Championnat de France des Jeunes - Benja"]
[Site "AIX LES BAINS"]
[Date "2009.04.20"]
[Round "3.9"]
[White "Langlais, Victoire"]
[Black "Pivard, Elsa"]
[Result "0-1"]
[WhiteElo "1510"]
[BlackElo "1710"]
[PlyCount "102"]

1. e4 c6 2. d4 d5 3. Nc3 dxe4 4. Nxe4 Bf5 5. f3 e6 6. g4 Bxe4 7. fxe4 Qh4+ 8.
Kd2 Nf6 9. Qe2 Qxg4 10. Qxg4 Nxg4 11. Ke1 Nf6 12. Bd3 c5 13. Be3 Ng4 14. Bf2
Nxf2 15. Kxf2 cxd4 16. Nf3 a6 17. Rac1 Nc6 18. c3 dxc3 19. Rxc3 Bb4 20. Rb3 O-O
21. a3 Bc5+ 22. Ke2 b5 23. Rc1 Nd4+ 24. Nxd4 Bxd4 25. Rb4 e5 26. Rc2 Rac8 27.
Rxc8 Rxc8 28. Rb3 h6 29. Kd1 Rc6 30. Be2 Rf6 31. Kd2 Rf2 32. h3 Rh2 33. Kd1 Kh7
34. Bxb5 axb5 35. Rxb5 Rxb2 36. a4 Rxb5 37. axb5 Kg6 38. Kd2 f5 39. exf5+ Kxf5
40. Kd3 g5 41. Ke2 g4 42. hxg4+ Kxg4 43. Kf1 h5 44. Kg2 h4 45. Kh2 e4 46. Kg2
h3+ 47. Kh1 e3 48. Kh2 e2 49. b6 Bxb6 50. Kh1 e1=Q+ 51. Kh2 Qg1# 0-1

[Event "Championnat de France des Jeunes - Benja"]
[Site "AIX LES BAINS"]
[Date "2009.04.20"]
[Round "3.10"]
[White "Afraoui, Solenn"]
[Black "Stubbe, Alicia"]
[Result "1-0"]
[WhiteElo "1840"]
[BlackElo "1625"]
[PlyCount "67"]

1. Nf3 d5 2. d4 Nf6 3. g3 h6 4. Bg2 e6 5. O-O c5 6. e3 Nc6 7. b3 Bd6 8. Bb2 O-O
9. Nbd2 Re8 10. Ne5 Bd7 11. f4 Nh7 12. Qh5 Bxe5 13. fxe5 Rf8 14. c4 cxd4 15.
exd4 Qg5 16. Qxg5 Nxg5 17. h4 Nh7 18. cxd5 Nb4 19. dxe6 Bxe6 20. Bxb7 Rab8 21.
Be4 Rfd8 22. Rf3 Rbc8 23. Rc3 Nf8 24. Nc4 Rxd4 25. Bb7 Rc7 26. Nd6 Rxc3 27.
Bxc3 Rg4 28. Kh2 Nd3 29. Bf3 Rg6 30. Bh5 Rxg3 31. Kxg3 Nd7 32. Rd1 N3xe5 33.
Bxe5 Nxe5 34. Nb5 1-0

[Event "Championnat de France des Jeunes - Benja"]
[Site "AIX LES BAINS"]
[Date "2009.04.20"]
[Round "3.11"]
[White "Vallat, Julie"]
[Black "Houzelot, Alice"]
[Result "1-0"]
[WhiteElo "1210"]
[BlackElo "1460"]
[PlyCount "111"]

1. e4 e5 2. Nf3 Nc6 3. d4 d6 4. Nc3 Nf6 5. Bc4 h6 6. Be3 Be7 7. dxe5 dxe5 8.
Qxd8+ Bxd8 9. Bc5 b6 10. Ba3 Bb7 11. O-O a6 12. b4 Be7 13. Bd5 a5 14. Nb5 Bd6
15. c3 Ba6 16. Bxc6+ Ke7 17. Bxa8 Rxa8 18. c4 Bxb5 19. cxb5 axb4 20. Bb2 Ke6
21. Rfe1 Bc5 22. Nxe5 Ra5 23. Nd3 Rxb5 24. Nxc5+ Rxc5 25. Rac1 Ra5 26. e5 Nd5
27. Ra1 Nf4 28. Re3 c5 29. a3 bxa3 30. Raxa3 Rb5 31. Reb3 Ne2+ 32. Kf1 Rxb3 33.
Rxb3 Nd4 34. Bxd4 cxd4 35. Rxb6+ Kxe5 36. Rb7 Ke4 37. Rxf7 g5 38. Rh7 Kd3 39.
Ke1 Kc2 40. Rxh6 d3 41. Rd6 g4 42. h3 d2+ 43. Rxd2+ Kc3 44. h4 Kc4 45. Rd8 Kc5
46. Ke2 Kc6 47. h5 Kc7 48. Rd1 Kc6 49. h6 g3 50. h7 gxf2 51. Kxf2 Kc5 52. h8=Q
Kc4 53. Qc8+ Kb3 54. Rb1+ Ka2 55. Rb7 Ka3 56. Qa8# 1-0

[Event "Championnat de France des Jeunes - Benja"]
[Site "AIX LES BAINS"]
[Date "2009.04.20"]
[Round "3.12"]
[White "Belafkih, Kimia"]
[Black "Nolot, Clementine"]
[Result "0-1"]
[WhiteElo "1490"]
[BlackElo "1659"]
[PlyCount "142"]

1. e4 e5 2. Nf3 Nc6 3. Bc4 Bc5 4. d3 Nf6 5. c3 d6 6. h3 Be6 7. Bb3 O-O 8. O-O
Qe7 9. Re1 Rfe8 10. Bg5 h6 11. Bh4 Rad8 12. Bxe6 fxe6 13. d4 exd4 14. cxd4 Bb6
15. Nc3 Qf7 16. Qd2 e5 17. d5 Nd4 18. Nxd4 Bxd4 19. Nb5 Bb6 20. Qd3 a6 21. Nc3
Rf8 22. Qf3 g5 23. Bg3 Nh5 24. Qxf7+ Rxf7 25. Kh2 Bxf2 26. Bxf2 Rxf2 27. Re2
Rdf8 28. Rae1 Rxe2 29. Rxe2 Rf1 30. Rd2 Rf4 31. Re2 g4 32. hxg4 Rxg4 33. Kh3
Rg5 34. Kh2 Nf4 35. Rd2 h5 36. g3 Ng6 37. Rf2 Kg7 38. Kh3 Ne7 39. Kh4 Rg4+ 40.
Kh3 Ng8 41. Rf5 Nf6 42. Rf2 Nxe4 43. Nxe4 Rxe4 44. Rd2 Kf6 45. Kg2 Ke7 46. Kf3
Rg4 47. Rh2 e4+ 48. Kf2 Rg5 49. Ke3 Rxd5 50. Kxe4 Re5+ 51. Kf3 d5 52. Kf4 Kf6
53. Rd2 Re4+ 54. Kf3 Ke5 55. Kf2 c5 56. b3 b5 57. Kf3 c4 58. bxc4 bxc4 59. Rd1
d4 60. Kf2 Re3 61. Rd2 Ke4 62. Rd1 d3 63. Kg2 c3 64. a4 c2 65. Rh1 d2 66. Rh4+
Kd3 67. Rxh5 d1=Q 68. Rd5+ Ke2 69. Rxd1 cxd1=Q 70. g4 Qf1+ 71. Kh2 Rh3# 0-1

[Event "Championnat de France des Jeunes - Benja"]
[Site "AIX LES BAINS"]
[Date "2009.04.20"]
[Round "3.13"]
[White "Sriskantharajah, Niruja"]
[Black "Gourdelier, Alice"]
[Result "1/2-1/2"]
[WhiteElo "1643"]
[BlackElo "1460"]
[PlyCount "38"]

1. e4 e5 2. Nf3 Nc6 3. d4 exd4 4. Nxd4 Bc5 5. Be3 Qf6 6. c3 d6 7. Qd2 h6 8.
Nxc6 Bxe3 9. Qxe3 bxc6 10. Bc4 Ne7 11. O-O O-O 12. Na3 Bb7 13. Rad1 Rfd8 14.
Rfe1 Ng6 15. Bb3 Re8 16. Qg3 Rad8 17. f3 a6 18. Nc2 Re5 19. Re2 Nf4 1/2-1/2

[Event "Championnat de France des Jeunes - Benja"]
[Site "AIX LES BAINS"]
[Date "2009.04.20"]
[Round "3.14"]
[White "Susini, Lisa"]
[Black "Richier, Lucie"]
[Result "1-0"]
[WhiteElo "1620"]
[BlackElo "1460"]
[PlyCount "79"]

1. e4 c5 2. Nf3 d6 3. c3 Nf6 4. h3 Nxe4 5. Qa4+ Nc6 6. Qxe4 g6 7. Bb5 Qb6 8.
Ba4 Bf5 9. Qe3 Qa6 10. Bd1 Bg7 11. Be2 c4 12. O-O Bxb1 13. Rxb1 Qxa2 14. Qe4 f5
15. Qc2 b5 16. d3 cxd3 17. Bxd3 Qd5 18. Rd1 a6 19. Be3 Ne5 20. Nxe5 Bxe5 21.
Bxf5 Qf7 22. Be4 Rb8 23. Bc6+ Kf8 24. Bh6+ Bg7 25. Bxg7+ Kxg7 26. Qe4 Rhf8 27.
Qd4+ e5 28. Qe3 Rbd8 29. Bd5 Qe7 30. Ra1 Ra8 31. Bxa8 Rxa8 32. Qb6 Rd8 33. Rxa6
d5 34. Ra7 Rd7 35. Rxd7 Qxd7 36. Qc5 Qf5 37. Rxd5 Qf4 38. Qxb5 Qc1+ 39. Qf1
Qxb2 40. Qe1 1-0

[Event "Championnat de France des Jeunes - Benja"]
[Site "AIX LES BAINS"]
[Date "2009.04.20"]
[Round "3.15"]
[White "Abbassi, Zeyneb"]
[Black "Bertrand, Meryl"]
[Result "0-1"]
[WhiteElo "1450"]
[BlackElo "1610"]
[Annotator "Rivier,Sylvain"]
[PlyCount "86"]

1. e4 e5 2. Nf3 Nc6 3. Nc3 Bc5 4. Bb5 Nf6 5. O-O d6 6. Bxc6+ bxc6 7. d4 exd4 8.
Nxd4 Bd7 9. Bg5 O-O 10. f4 h6 11. Bh4 Bg4 12. Qd3 Bb6 13. Kh1 c5 14. Nf3 Bxf3
15. Rxf3 Qe7 16. Re1 Qe6 17. f5 Qe5 18. Bg3 Qe7 19. e5 Nh5 20. f6 gxf6 21. e6
Kh8 22. Bxd6 Qxd6 23. Qxd6 cxd6 24. e7 Rfe8 25. Rh3 Nf4 26. Rxh6+ Kg7 27. Rh4
Ng6 28. Rg4 Ba5 29. h4 Bxc3 30. bxc3 Kh6 31. Rge4 Rab8 32. Rf1 Rxe7 33. Rxe7
Nxe7 34. Rxf6+ Kg7 35. Rxd6 Nf5 36. Rc6 Nxh4 37. Rxc5 Rb2 38. a4 Rxc2 39. a5
Ng6 40. Kh2 Nf4 41. Kg3 Ne2+ 42. Kf3 Rxc3+ 43. Rxc3 Nxc3 {suite illisible} 0-1

[Event "Championnat de France des Jeunes - Pupil"]
[Site "AIX LES BAINS"]
[Date "2009.04.20"]
[Round "3.2"]
[White "Bellahcene, Bilel"]
[Black "Pruvot, Louis"]
[Result "1/2-1/2"]
[WhiteElo "1968"]
[BlackElo "1690"]
[PlyCount "92"]

1. e4 e5 2. Nf3 Nc6 3. Bb5 a6 4. Ba4 Nf6 5. d3 b5 6. Bb3 Bc5 7. O-O d6 8. h3 h6
9. c3 O-O 10. a4 Rb8 11. d4 Bb6 12. d5 Ne7 13. Bc2 Ng6 14. Na3 Re8 15. axb5
axb5 16. Nxb5 Nf4 17. Bxf4 exf4 18. Nbd4 Bd7 19. Re1 Bxd4 20. Nxd4 Re5 21. Qd3
Qe8 22. Nf3 Re7 23. b4 Rb6 24. Ra7 c6 25. Qd4 c5 26. bxc5 dxc5 27. Qxc5 Rb2 28.
Ba4 Ra2 29. Bxd7 Nxd7 30. Qxe7 Qxe7 31. Rxa2 Qc5 32. Rd2 f6 33. e5 fxe5 34.
Nxe5 Nxe5 35. Rxe5 Qxc3 36. Re8+ Kf7 37. Rde2 f3 38. R2e7+ Kg6 39. d6 fxg2 40.
Kxg2 Qc6+ 41. Re4 Kh7 42. R8e6 Qd7 43. f3 Qc6 44. Rg4 Qc2+ 45. Kg3 Qd1 46. Kh4
Qxf3 1/2-1/2

[Event "Championnat de France des Jeunes - Pupil"]
[Site "AIX LES BAINS"]
[Date "2009.04.20"]
[Round "3.3"]
[White "Devoille, Hugo"]
[Black "Msellek, Ilyass"]
[Result "0-1"]
[WhiteElo "1683"]
[BlackElo "1935"]
[PlyCount "64"]

1. e4 c5 2. Nf3 e6 3. d4 cxd4 4. Nxd4 Nf6 5. Nc3 Nc6 6. Nxc6 bxc6 7. Bd3 d5 8.
O-O Be7 9. f4 O-O 10. e5 Nd7 11. Qh5 g6 12. Qd1 c5 13. b3 Bb7 14. Ne2 Nb6 15.
c3 Rc8 16. g4 d4 17. c4 Qc7 18. Ng3 Nd7 19. Qe2 Bh4 20. g5 Bxg3 21. hxg3 Qc6
22. Qh2 a5 23. Rf2 a4 24. Bd2 axb3 25. axb3 Ra8 26. Rxa8 Rxa8 27. Rf1 Ra2 28.
Rf2 Qb6 29. Re2 Qxb3 30. Be1 Ra1 31. Bc2 Qf3 32. Rf2 Rxe1+ 0-1